1487 1041 1949 1610 1856 1657 1493 1149 1212 1491 1458 1724 1874 1705 1453 1872 1453 1752 1739 1345 1150 1881 1980 1753 1414 1138 1132 1081 1987 1257 1586 1380 1041 1442 1494 1375 1789 1286 1286 1961 1284 1572 1963 1423 1439 1390 1809 1065 1903 1630 1294 1039 1261 1852 1366 1247 1913 1066 1472 1825 1169 1938 1985 1828 1511 1283 1463 1888 1650 1271 1553 1666 1337 1341 1222 1721 1380 1370 1662 1253 1656 1978 1860 1842 1605 1525 1631 1624 1924 1778 1130 1537 1158 1877 1105 1993 1666 1880 1836 BCNSPRNW ULIB Ver.6.0+V

เปลี่ยนเป็นภาษาไทย

Change to English
 แสดงรายละเอียดบรรณานุกรม
  กลับหน้าหลัก

Brief Record : Get Marc (ISO 2709) : E-mail record : QR code < ปิดหน้าต่าง
LEADER : 00000nam 2200000uu 4500
001    13399124457
003     ULIB
008    150723s2557||||th 000 0 tha d
020    ^a9786162795053
060 04 ^aQT100^bค12ส ล.1
110 1  มหาวิทยาลัยมหิดล.^bคณะแพทย์ศาสตร์ศิริราชพยาบาล .^bคณาจารย์ภาควิชาสรีรวิทยา
245 10 ^aสรีรวิทยา 1 /^cคณาจารย์ภาควิชาสรีรวิทยา คณะแพทย์ศาสตร์ศิริราชพยาบาล มหาวิทยาลัยมหิดล.
250    พิมพ์ครั้งที่ 6
260    ^aนนทบุรี :^bคณะแพทย์ศาสตร์ศิริราชพยาบาล มหาวิทยาลัยมหิดล.^c2557
300    ^a309หน้า :^bภาพประกอบ ;^c26 ซม.
500    ^aSend to Single Search
650  2 ^aPhysiology
650  4 ^aสรีรวิทยา
700 0  ^aวัฒนา วัฒนาภา,^eบรรณาะิการ
700 0  สุพัตรา โล่ห์สิริวัฒน์,^eบรรณาะิการ
700 0  สุพรพิมพ์ เจียสกุล,^eบรรณาะิการ
945    ^p280^l0^i22992
945    ^p280^l0^i22993
945    ^p280^l0^i22994
945    ^p280^l0^i22995
945    ^p280^l0^i22996
945    ^p280^l0^i22997
945    ^p280^l0^i22998
945    ^p280^l0^i22999
995    ทศพร
999 ^a ใช้งานได้ทุกระบบ
รายการนี้ยังไม่มีแท็ก
คุณยังไม่ได้ล็อกอิน คุณสามารถมีกิจกรรมร่วมกับเว็บไซต์ได้ แต่ต้องล็อกอินก่อน ::
  ล็อกอิน

รายการสื่อสารสนเทศ

ลำดับที่ ประเภท เลขเรียก/บาร์โค้ด สถานที่ สถานะ
1. Book การพยาบาล
Book การพยาบาล
สถานะ=หนังสือเก่า
QT100 ค12ส ล.1 ฉ.1 
  Barcode: 22992
ห้องสมุดวิทยาเขตนครสวรรค์
►ส่วนจัดเก็บหนังสือเก่า นว.
บนชั้น
  ขอยืม
2. Book การพยาบาล
Book การพยาบาล
สถานะ=หนังสือเก่า
QT100 ค12ส ล.1 ฉ.2 
  Barcode: 22993
ห้องสมุดวิทยาเขตนครสวรรค์
►ส่วนจัดเก็บหนังสือเก่า นว.
บนชั้น
  ขอยืม
3. Book การพยาบาล
Book การพยาบาล
สถานะ=หนังสือเก่า
QT100 ค12ส ล.1 ฉ.3 
  Barcode: 22994
ห้องสมุดวิทยาเขตนครสวรรค์
►ส่วนจัดเก็บหนังสือเก่า นว.
บนชั้น
  ขอยืม
4. Book การพยาบาล
Book การพยาบาล
QT100 ค12ส ล.1 ฉ.4 
  Barcode: 22995
ห้องสมุดวิทยาเขตนครสวรรค์
►หนังสือทั่วไป:l:General Books
บนชั้น
5. Book การพยาบาล
Book การพยาบาล
สถานะ=หนังสือเก่า
QT100 ค12ส ล.1 ฉ.5 
  Barcode: 22996
ห้องสมุดวิทยาเขตนครสวรรค์
►ส่วนจัดเก็บหนังสือเก่า นว.
บนชั้น
  ขอยืม
6. Book การพยาบาล
Book การพยาบาล
สถานะ=หนังสือเก่า
QT100 ค12ส ล.1 ฉ.6 
  Barcode: 22997
ห้องสมุดวิทยาเขตนครสวรรค์
►ส่วนจัดเก็บหนังสือเก่า นว.
บนชั้น
  ขอยืม
7. Book การพยาบาล
Book การพยาบาล
สถานะ=หนังสือเก่า
QT100 ค12ส ล.1 ฉ.7 
  Barcode: 22998
ห้องสมุดวิทยาเขตนครสวรรค์
►ส่วนจัดเก็บหนังสือเก่า นว.
บนชั้น
  ขอยืม
8. Book การพยาบาล
Book การพยาบาล
สถานะ=หนังสือเก่า
QT100 ค12ส ล.1 ฉ.8 
  Barcode: 22999
ห้องสมุดวิทยาเขตนครสวรรค์
►ส่วนจัดเก็บหนังสือเก่า นว.
บนชั้น
  ขอยืม

รายการใกล้เคียง
    หัวเรื่อง [Physiology]
    หัวเรื่อง [สรีรวิทยา]

BibComment


ยังไม่เคยถูกคอมเมนท์

คอมเมนท์ทรัพยากรรายการนี้
  คอมเมนท์: สรีรวิทยา 1 คณา..


 Copyright 2026. Bcnsprnw @Library